| 000 | 00926cam a2200241 a 4500 | ||
|---|---|---|---|
| 001 | 000018895 | ||
| 005 | 20200929165858.0 | ||
| 008 | 910520s1948 pr 000 0 spa d | ||
| 040 |
_aDO-SdBNP _bspa _cLC _dBNPHU |
||
| 082 |
_aPR863.44 _bD542t, 1948 |
||
| 100 | 1 |
_aDíaz Alfaro, Abelardo Milton, _d1919-1999 _940678 |
|
| 245 | 1 | 0 |
_aTerrazo / _cAbelardo Díaz Alfaro ; prólogo Mariano Picon Salas. |
| 250 | _a7a ed. | ||
| 260 |
_a[San Juan, Puerto Rico] : _b[s.n.], _c1948. |
||
| 300 |
_a124 p. ; : _b24 cm. |
||
| 500 | _aPremiado por la Sociedad de Periodistas Universitarios y primer premio del Instituto de Literatura, 1947 | ||
| 600 | 1 | 4 |
_aDÍAZ ALFARO, ABELARDO MILTON _d1919-1999 _xCRÍTICA E INTERPRETACIÓN _940679 |
| 650 | 4 |
_aLiteratura puertorriqueña _9250 |
|
| 650 | 4 |
_aCuentos puertorriqueño _930234 |
|
| 700 | 1 |
_aPicon Salas, Mariano, _epról. _927923 |
|
| 910 | _aCatalogación derivada / LC | ||
| 049 | _aBNGR | ||
| 999 |
_c18413 _d18413 |
||